000 00581nam a2200205 a 4500
001 20814
003 CO-ViMGA
008 141112s2004 ck r 000 u spa d
020 _a9583600547
040 _aCO-ViMGA
_bspa
_cCO-ViMGA
082 0 4 _aCo861.5 V15r
100 1 _aValencia, Guillermo
_93274
245 1 0 _aRitos
260 _aBogotá :
_bÁncora,
_c1998
300 _a200p
590 _aForma de adquisición : Reposición - - Precio : 15000 - - Fecha de adquisición : Junio 2006
650 1 4 _aPOESIA AMOROSA
_92510
650 1 4 _aPOESIA COLOMBIANA
_91069
942 _2ddc
_cBK
999 _c9840
_d9840